The Routledge History of Literature in English (Record no. 9201)
[ view plain ]
| 000 -LEADER | |
|---|---|
| fixed length control field | 00368nam a22001457a 4500 |
| 003 - CONTROL NUMBER IDENTIFIER | |
| control field | OSt |
| 008 - FIXED-LENGTH DATA ELEMENTS--GENERAL INFORMATION | |
| fixed length control field | 201119b ||||| |||| 00| 0 eng d |
| 100 ## - MAIN ENTRY--PERSONAL NAME | |
| Personal name | Carter, Ronald Merac |
| 245 ## - TITLE STATEMENT | |
| Title | The Routledge History of Literature in English |
| 250 ## - EDITION STATEMENT | |
| Edition statement | 3rd |
| 260 ## - PUBLICATION, DISTRIBUTION, ETC. (IMPRINT) | |
| Place of publication, distribution, etc | New Delhi |
| Name of publisher, distributor, etc | .Heritage |
| Date of publication, distribution, etc | 1997 |
| 300 ## - PHYSICAL DESCRIPTION | |
| Extent | 605 |
| 650 ## - SUBJECT ADDED ENTRY--TOPICAL TERM | |
| Topical term or geographic name as entry element | B.A Hons. English |
| 942 ## - ADDED ENTRY ELEMENTS (KOHA) | |
| Source of classification or shelving scheme | Dewey Decimal Classification |
| Koha item type | Text Books |
| 942 ## - ADDED ENTRY ELEMENTS (KOHA) | |
| -- | 21 |
| Withdrawn status | Lost status | Source of classification or shelving scheme | Damaged status | Not for loan | Collection code | Home library | Current library | Date acquired | Source of acquisition | Currency | Cost, normal purchase price | Bill Number | Total Checkouts | Acc. no. / Barcode | Date last seen | Date last borrowed | Actual Cost, discounted price | Bill Date | Koha item type |
|---|---|---|---|---|---|---|---|---|---|---|---|---|---|---|---|---|---|---|---|
| Dewey Decimal Classification | B.A Hons. English | PIET NCR College Library | PIET NCR College Library | 19/11/2020 | Kirti Praksan | In Rupess | 795.00 | IN277 | 10 | N283 | 11/03/2025 | 25/02/2025 | 596.25 | 19/11/2020 | Text Books | ||||
| Dewey Decimal Classification | B.A Hons. English | PIET NCR College Library | PIET NCR College Library | 19/11/2020 | Kirti Praksan | In Rupess | 795.00 | IN277 | 12 | N284 | 28/04/2025 | 01/04/2025 | 596.25 | 19/11/2020 | Text Books | ||||
| Dewey Decimal Classification | B.A Hons. English | PIET NCR College Library | PIET NCR College Library | 19/11/2020 | Kirti Praksan | In Rupess | 795.00 | IN277 | 9 | N285 | 16/08/2024 | 01/08/2024 | 596.25 | 19/11/2020 | Text Books | ||||
| Dewey Decimal Classification | B.A Hons. English | PIET NCR College Library | PIET NCR College Library | 19/11/2020 | Kirti Praksan | In Rupess | 795.00 | IN277 | 21 | N286 | 11/03/2025 | 25/02/2025 | 596.25 | 19/11/2020 | Text Books |